[Event "EU-ch rapid"]
[Site "Katowice"]
[Date "2017.12.17"]
[Round "7"]
[White "Tomczak, Mikolaj"]
[Black "Pereira, Antonio Pedro Caram"]
[Result "1-0"]
[WhiteElo "2372"]
[BlackElo "2113"]
[PlyCount "79"]
[EventDate "2017.12.16"]
[EventType "swiss (rapid)"]
[EventRounds "11"]
[EventCountry "POL"]
[SourceTitle "CBM 182 Extra"]
[Source "ChessBase"]
[SourceDate "2018.02.23"]
[SourceVersion "1"]
[SourceVersionDate "2018.02.23"]
[SourceQuality "1"]

1. d4 Nf6 2. c4 e6 3. Nc3 d5 4. cxd5 exd5 5. Bg5 c6 6. e3 Be7 7. Bd3 0-0 8. Qc2 Nbd7 9. Nge2 Re8 10. h3 b6 11. 0-0 Bb7 12. Rad1 Rc8 13. Bh4 Qc7 14. f3 Nf8 15. Bg3 Bd6 16. Bxd6 Qxd6 17. e4 Qe7 18. e5 N6d7 19. f4 c5 20. Qd2 cxd4 21. Nxd4 f6 22. exf6 Nxf6 23. Rfe1 Qc5 24. Qf2 Ne4 25. Bxe4 dxe4 26. Nc2 b5 27. Qxc5 Rxc5 28. g3 a5 29. a3 h5 30. h4 Nh7 31. Rd7 Bc6 32. Rc7 Nf6 33. Nd4 Rc4 34. Nxc6 Kh7 35. Nxb5 Rc2 36. Ne5 Rxb2 37. Nd6 Rd8 38. Nef7 Rdb8 39. Ng5+ Kh6 40. f5 1-0

[Event "Famalicao op 5th"]
[Site "Famalicao"]
[Date "2017.07.31"]
[Round "4"]
[White "Pereira, Antonio Pedro Caram"]
[Black "Silva, Ana Ines Teixeira D"]
[Result "1-0"]
[WhiteElo "2138"]
[BlackElo "1845"]
[PlyCount "57"]
[EventDate "2017.07.29"]
[EventType "swiss"]
[EventRounds "9"]
[EventCountry "POR"]
[SourceTitle "EXT 2018"]
[Source "ChessBase"]
[SourceDate "2017.10.13"]
[SourceVersion "1"]
[SourceVersionDate "2017.10.13"]
[SourceQuality "1"]

1. Nf3 Nf6 2. c4 g6 3. g3 Bg7 4. Bg2 0-0 5. 0-0 d6 6. d4 c5 7. Nc3 Nbd7 8. b3 Rb8 9. Bb2 b6 10. Re1 Bb7 11. e4 cxd4 12. Nxd4 Ne8 13. Qd2 Ne5 14. Rad1 Nc7 15. Nd5 Nc6 16. Ne2 Bxb2 17. Qxb2 Nxd5 18. exd5 Ne5 19. Nd4 a6 20. Qd2 Rc8 21. Re4 b5 22. Rh4 Nd7 23. cxb5 axb5 24. Qh6 Nf6 25. Nf3 e6 26. Ng5 Re8 27. dxe6 fxe6 28. Nxh7 Nxh7 29. Qxh7+ 1-0

[Event "Famalicao op 5th"]
[Site "Famalicao"]
[Date "2017.07.30"]
[Round "3"]
[White "Petkov, Vladimir"]
[Black "Pereira, Antonio Pedro Caram"]
[Result "1-0"]
[WhiteElo "2489"]
[BlackElo "2138"]
[PlyCount "85"]
[EventDate "2017.07.29"]
[EventType "swiss"]
[EventRounds "9"]
[EventCountry "POR"]
[SourceTitle "EXT 2018"]
[Source "ChessBase"]
[SourceDate "2017.10.13"]
[SourceVersion "1"]
[SourceVersionDate "2017.10.13"]
[SourceQuality "1"]

1. d4 e6 2. Nf3 d5 3. c4 Nf6 4. g3 Be7 5. Bg2 0-0 6. 0-0 dxc4 7. Qc2 a6 8. a4 Bd7 9. Qxc4 Bc6 10. Bg5 Nbd7 11. Nc3 h6 12. Bxf6 Nxf6 13. Rfd1 Qd6 14. e3 Qb4 15. Qe2 Bxf3 16. Bxf3 Rfd8 17. Na2 Qb6 18. a5 Qa7 19. Nc1 Ne8 20. Nd3 Qb8 21. h4 c6 22. Kg2 Bf6 23. Qc2 Nd6 24. Nc5 Nb5 25. Qe4 Qc7 26. Qg4 Qe7 27. Rac1 Rab8 28. Be4 Nc7 29. Bb1 g6 30. h5 g5 31. Qe4 Bg7 32. Qh7+ Kf8 33. Ba2 Nd5 34. Bxd5 Rxd5 35. Rd3 e5 36. b4 Rbd8 37. dxe5 Rxd3 38. Nxd3 Qd7 39. Nc5 Qd2 40. Rc4 Qe2 41. Rd4 Rxd4 42. exd4 Qg4 43. Qe4 1-0

[Event "Famalicao op 5th"]
[Site "Famalicao"]
[Date "2017.07.30"]
[Round "2"]
[White "Santos, Rita Alexandra"]
[Black "Pereira, Antonio Pedro Caram"]
[Result "0-1"]
[WhiteElo "1625"]
[BlackElo "2138"]
[PlyCount "98"]
[EventDate "2017.07.29"]
[EventType "swiss"]
[EventRounds "9"]
[EventCountry "POR"]
[SourceTitle "EXT 2018"]
[Source "ChessBase"]
[SourceDate "2017.10.13"]
[SourceVersion "1"]
[SourceVersionDate "2017.10.13"]
[SourceQuality "1"]

1. e4 c5 2. Nc3 e6 3. f4 a6 4. a4 Nc6 5. Nf3 d6 6. Bc4 Nf6 7. d3 Be7 8. 0-0 0-0 9. Qe1 Nb4 10. Qf2 Bd7 11. Ne1 d5 12. exd5 exd5 13. Ba2 Bc6 14. d4 Qb6 15. Nf3 cxd4 16. Nxd4 Bc5 17. Be3 Ng4 18. a5 Nxf2 19. axb6 Ng4 20. Nxc6 Bxe3+ 21. Kh1 bxc6 22. Bb3 Bxb6 23. Na4 Ba7 24. Rf3 d4 25. h3 Ne3 26. c3 dxc3 27. bxc3 Nd3 28. Ba2 Rfe8 29. Bb1 Nc5 30. Nxc5 Bxc5 31. Ra5 Bb6 32. Ra4 a5 33. Be4 Nd5 34. Rc4 h5 35. Bf5 Re1+ 36. Kh2 h4 37. g3 Bg1+ 38. Kg2 Ne3+ 39. Rxe3 Bxe3 40. gxh4 a4 41. Be4 a3 42. Bxc6 Rc8 43. Ra4 Rxc6 44. Rxa3 Bxf4 45. Kf3 Be5 46. Ra8+ Kh7 47. c4 Rf6+ 48. Kg2 Re2+ 49. Kg1 Bh2+ 0-1

[Event "POR-ch rapid"]
[Site "Mirandela"]
[Date "2017.06.03"]
[Round "2"]
[White "Guia, Artur Solovyov Eloy"]
[Black "Pereira, Antonio Pedro Caram"]
[Result "0-1"]
[WhiteElo "1558"]
[BlackElo "2139"]
[PlyCount "40"]
[EventDate "2017.06.03"]
[EventType "swiss (rapid)"]
[EventRounds "7"]
[EventCountry "POR"]
[SourceTitle "CBM 178 Extra"]
[Source "ChessBase"]
[SourceDate "2017.06.22"]
[SourceVersion "1"]
[SourceVersionDate "2017.06.22"]
[SourceQuality "1"]

1. e4 c5 2. Nf3 e6 3. d4 cxd4 4. Nxd4 Nc6 5. Nc3 Qc7 6. Be3 a6 7. Be2 Nf6 8. 0-0 Bb4 9. Bd3 Ne5 10. Qd2 Nfg4 11. Bf4 Bd6 12. Bg3 h5 13. f3 h4 14. fxg4 hxg3 15. h3 Bc5 16. Nce2 Nxg4 17. hxg4 Qd8 18. Qf4 Rh1+ 19. Kxh1 Qh4+ 20. Kg1 Qh2# 0-1

[Event "POR-ch rapid"]
[Site "Mirandela"]
[Date "2017.06.03"]
[Round "5"]
[White "Pereira, Antonio Pedro Caram"]
[Black "Oliveira, Maria Alice Ramos"]
[Result "0-1"]
[WhiteElo "2139"]
[BlackElo "1561"]
[PlyCount "54"]
[EventDate "2017.06.03"]
[EventType "swiss (rapid)"]
[EventRounds "7"]
[EventCountry "POR"]
[SourceTitle "CBM 178 Extra"]
[Source "ChessBase"]
[SourceDate "2017.06.22"]
[SourceVersion "1"]
[SourceVersionDate "2017.06.22"]
[SourceQuality "1"]

1. Nf3 Nf6 2. g3 g6 3. Bg2 Bg7 4. c4 d6 5. 0-0 0-0 6. Nc3 Nbd7 7. d4 e5 8. Qc2 Re8 9. Rd1 h6 10. b3 exd4 11. Nxd4 Ne5 12. Bb2 Rb8 13. c5 Qe7 14. cxd6 cxd6 15. Ndb5 a6 16. Nxd6 Rd8 17. Nxc8 Rdxc8 18. Rac1 b5 19. Nd5 Nxd5 20. Qxc8+ Rxc8 21. Rxc8+ Kh7 22. Bxd5 Nf3+ 23. Bxf3 Bxb2 24. Rb8 h5 25. Rb7 Qf6 26. Rdd7 Kg7 27. h4 Bd4 0-1

[Event "POR-ch rapid"]
[Site "Mirandela"]
[Date "2017.06.03"]
[Round "3"]
[White "Pereira, Antonio Pedro Caram"]
[Black "Silva, Mariana Sofia Teixe"]
[Result "0-1"]
[WhiteElo "2139"]
[BlackElo "1922"]
[PlyCount "128"]
[EventDate "2017.06.03"]
[EventType "swiss (rapid)"]
[EventRounds "7"]
[EventCountry "POR"]
[SourceTitle "CBM 178 Extra"]
[Source "ChessBase"]
[SourceDate "2017.06.22"]
[SourceVersion "1"]
[SourceVersionDate "2017.06.22"]
[SourceQuality "1"]

1. d4 Nf6 2. Bg5 d5 3. Nf3 Bf5 4. c4 dxc4 5. Nc3 e6 6. e3 Be7 7. Bxc4 0-0 8. 0-0 Nbd7 9. h3 c5 10. Nh4 Bg6 11. Nxg6 hxg6 12. Be2 Rc8 13. Bf3 b6 14. Bf4 cxd4 15. exd4 Nb8 16. Bb7 Rc4 17. Ne2 Nd5 18. b3 Nxf4 19. bxc4 Nxe2+ 20. Qxe2 Qxd4 21. Rfd1 Qc5 22. Qe4 Bf6 23. Rac1 Qa5 24. Rc2 Na6 25. Bxa6 Qxa6 26. c5 bxc5 27. Rxc5 Qxa2 28. Rc7 a5 29. Ra7 Qb3 30. Rb1 Qc3 31. Rd1 Qb3 32. Rdd7 Qc3 33. Rxf7 Qa1+ 34. Kh2 Be5+ 35. f4 Rxf7 36. Ra8+ Kh7 37. fxe5 Rf5 38. Re8 Qxe5+ 39. Qxe5 Rxe5 40. Ra8 Kh6 41. Kg3 Kg5 42. Kf3 Kf5 43. Ra7 Kf6 44. Kf4 Rb5 45. Ra6 g5+ 46. Ke4 Rb4+ 47. Kf3 a4 48. Ra7 g6 49. Ra5 Rb3+ 50. Ke4 a3 51. g4 Rxh3 52. Ra6 Rg3 53. Ra8 Rxg4+ 54. Ke3 Rg3+ 55. Kf2 Rb3 56. Ra5 e5 57. Kg2 Kf5 58. Ra8 Rb2+ 59. Kf3 e4+ 60. Ke3 a2 61. Ra6 Rb3+ 62. Ke2 Rh3 63. Kf2 Rh1 64. Kg2 a1Q 0-1

[Event "POR-ch rapid"]
[Site "Mirandela"]
[Date "2017.06.03"]
[Round "1"]
[White "Pereira, Antonio Pedro Caram"]
[Black "Sousa, Gil Oliva Teles"]
[Result "1-0"]
[WhiteElo "2139"]
[BlackElo "1134"]
[PlyCount "72"]
[EventDate "2017.06.03"]
[EventType "swiss (rapid)"]
[EventRounds "7"]
[EventCountry "POR"]
[SourceTitle "CBM 178 Extra"]
[Source "ChessBase"]
[SourceDate "2017.06.22"]
[SourceVersion "1"]
[SourceVersionDate "2017.06.22"]
[SourceQuality "1"]

1. Nc3 Nf6 2. e4 e5 3. Nf3 Nc6 4. d4 exd4 5. Nxd4 Bb4 6. Nxc6 dxc6 7. Qxd8+ Kxd8 8. Bg5 Be7 9. 0-0-0+ Ke8 10. f3 Be6 11. Bf4 Rc8 12. Bd3 h6 13. a3 Nh5 14. Be5 Bf6 15. Bxf6 Nxf6 16. Ne2 Ke7 17. Nf4 Rhd8 18. Rd2 Rd7 19. Rhd1 Rcd8 20. b3 b5 21. b4 g5 22. Ne2 Ne8 23. h4 Nd6 24. Nd4 Rg8 25. Nxc6+ Ke8 26. hxg5 Rxg5 27. g4 a6 28. Nb8 Rd8 29. Nxa6 Nb7 30. Nxc7+ Ke7 31. Nxe6 fxe6 32. Be2 Rgg8 33. Rxd8 Rxd8 34. Rxd8 Kxd8 35. Bxb5 Ke7 36. f4 Kf6 1-0

[Event "Coimbra Queima das Fitas op"]
[Site "Coimbra"]
[Date "2016.04.24"]
[Round "5"]
[White "Kofalvi, Attila"]
[Black "Pereira, Antonio Pedro Caram"]
[Result "1/2-1/2"]
[WhiteElo "1855"]
[BlackElo "2118"]
[PlyCount "108"]
[EventDate "2016.04.22"]
[EventType "swiss"]
[EventRounds "7"]
[EventCountry "POR"]
[SourceTitle "CBM 172 Extra"]
[Source "ChessBase"]
[SourceDate "2016.06.21"]
[SourceVersion "1"]
[SourceVersionDate "2016.06.21"]
[SourceQuality "1"]

1. e4 c5 2. d4 cxd4 3. c3 dxc3 4. Nxc3 Nc6 5. Bc4 d6 6. Nf3 a6 7. e5 dxe5 8. Qxd8+ Nxd8 9. Nd5 Rb8 10. Nxe5 e6 11. Nc7+ Ke7 12. b3 Kf6 13. Bb2 Bb4+ 14. Kf1 Ke7 15. Nd3 Bd6 16. Nxa6 bxa6 17. Bxg7 f6 18. Bxh8 Nh6 19. g4 Nhf7 20. Bxf6+ Kxf6 21. h4 Nc6 22. Ne1 Nfe5 23. Be2 Nd4 24. Rd1 Bc5 25. f4 Nec6 26. Bd3 Kg7 27. Be4 Nb4 28. Nd3 Nxd3 29. Rxd3 Bd7 30. Kg2 Bb5 31. Rd2 Rf8 32. Rc1 Rxf4 33. Rxc5 Rxg4+ 34. Kh3 Rxe4 35. a4 Be2 36. Rc7+ Kg6 37. Rb7 Re3+ 38. Kg2 Bf3+ 39. Kf2 Bxb7 40. Kxe3 Nxb3 41. Rd6 Bd5 42. Rxa6 Kh5 43. Rb6 Kxh4 44. Kf4 Nc5 45. a5 h5 46. a6 Nd7 47. Rb2 Kh3 48. Rd2 Nb6 49. Kg5 Bf3 50. Rd6 Na8 51. Rxe6 Kg3 52. Rh6 Nc7 53. a7 Nb5 54. a8Q Bxa8 1/2-1/2

[Event "Coimbra Queima das Fitas op"]
[Site "Coimbra"]
[Date "2016.04.24"]
[Round "4"]
[White "Pereira, Antonio Pedro Caram"]
[Black "Rocha, Sergio MC"]
[Result "0-1"]
[WhiteElo "2118"]
[BlackElo "2384"]
[PlyCount "106"]
[EventDate "2016.04.22"]
[EventType "swiss"]
[EventRounds "7"]
[EventCountry "POR"]
[SourceTitle "CBM 172 Extra"]
[Source "ChessBase"]
[SourceDate "2016.06.21"]
[SourceVersion "1"]
[SourceVersionDate "2016.06.21"]
[SourceQuality "1"]

1. Nf3 c5 2. c4 g6 3. g3 Bg7 4. Bg2 Nc6 5. 0-0 a6 6. Nc3 Rb8 7. e3 b5 8. d4 cxd4 9. exd4 bxc4 10. d5 Na5 11. Re1 Nf6 12. d6 e6 13. Be3 0-0 14. Ne5 Bb7 15. Ba7 Ra8 16. Bxb7 Rxa7 17. Bg2 Qb8 18. Qa4 Qb6 19. b4 Nb7 20. Nxc4 Qd4 21. Qb3 Nxd6 22. Nxd6 Qxd6 23. b5 Qb6 24. a4 Ng4 25. Ra2 Bxc3 26. Qxc3 axb5 27. a5 Qc7 28. Qb4 Qc4 29. Rb2 d5 30. Qxb5 Qxb5 31. Rxb5 Rfa8 32. Ra1 Ne5 33. Rc5 Nd7 34. Rb5 Kf8 35. Bf1 Ke7 36. h4 h6 37. Kg2 g5 38. hxg5 hxg5 39. f4 gxf4 40. gxf4 Kd6 41. a6 Rxa6 42. Rxa6+ Rxa6 43. Rxd5+ Kxd5 44. Bxa6 Ke4 45. Kg3 Nf6 46. Bb7+ Kf5 47. Bf3 Ne4+ 48. Kg2 Kxf4 49. Bd1 f5 50. Bc2 e5 51. Ba4 Ke3 52. Kf1 f4 53. Bb5 Nd6 0-1

[Event "Coimbra Queima das Fitas op"]
[Site "Coimbra"]
[Date "2016.04.23"]
[Round "2"]
[White "Pereira, Antonio Pedro Caram"]
[Black "Martins, Diogo Faria Oliveir"]
[Result "1-0"]
[WhiteElo "2118"]
[BlackElo "1820"]
[PlyCount "89"]
[EventDate "2016.04.22"]
[EventType "swiss"]
[EventRounds "7"]
[EventCountry "POR"]
[SourceTitle "CBM 172 Extra"]
[Source "ChessBase"]
[SourceDate "2016.06.21"]
[SourceVersion "1"]
[SourceVersionDate "2016.06.21"]
[SourceQuality "1"]

1. Nf3 g6 2. d4 c5 3. c4 Nf6 4. d5 e6 5. Nc3 exd5 6. cxd5 d6 7. e4 Bg7 8. h3 0-0 9. Bd3 b5 10. Nxb5 Nxe4 11. Bxe4 Re8 12. Nd2 f5 13. 0-0 fxe4 14. Nc4 Ba6 15. a4 Bxb5 16. axb5 a6 17. b6 Be5 18. b7 Ra7 19. Na5 Qc7 20. Qa4 Nd7 21. Bg5 Rb8 22. Qc6 Rbxb7 23. Nxb7 Qxb7 24. Be3 Qxc6 25. dxc6 Nb8 26. Ra4 Nxc6 27. b4 Nd4 28. bxc5 dxc5 29. Rc4 Rc7 30. Rb1 Rc6 31. Kf1 Kf7 32. Ra4 Ke6 33. Rba1 a5 34. Rxa5 Nc2 35. Ra6 Nxe3+ 36. fxe3 Bxa1 37. Rxc6+ Kd5 38. Rc7 h6 39. Ke2 Be5 40. Rh7 h5 41. Rh6 c4 42. Rxg6 c3 43. Rg5 h4 44. Rh5 c2 45. Kd2 1-0

[Event "Coimbra Queima das Fitas op"]
[Site "Coimbra"]
[Date "2016.04.23"]
[Round "3"]
[White "Soares, Joao Diogo Pedreiro"]
[Black "Pereira, Antonio Pedro Caram"]
[Result "0-1"]
[WhiteElo "1753"]
[BlackElo "2118"]
[PlyCount "60"]
[EventDate "2016.04.22"]
[EventType "swiss"]
[EventRounds "7"]
[EventCountry "POR"]
[SourceTitle "CBM 172 Extra"]
[Source "ChessBase"]
[SourceDate "2016.06.21"]
[SourceVersion "1"]
[SourceVersionDate "2016.06.21"]
[SourceQuality "1"]

1. e4 c5 2. Nf3 e6 3. g3 Nc6 4. Bg2 Nf6 5. d3 Be7 6. 0-0 0-0 7. c3 d6 8. Re1 Bd7 9. d4 cxd4 10. Nxd4 a6 11. Be3 Rc8 12. Nd2 b5 13. f4 Nxd4 14. cxd4 Bc6 15. g4 e5 16. f5 exd4 17. Bxd4 Nd7 18. Nf3 Bf6 19. g5 Bxg5 20. Nxg5 Qxg5 21. Re3 Ne5 22. Rg3 Qf6 23. Be3 h6 24. Qh5 Kh7 25. Bg5 Nf3+ 26. Bxf3 Qd4+ 27. Kh1 Bxe4 28. Rd1 Qxd1+ 29. Kg2 Rc2+ 30. Kh3 Bxf5+ 0-1

[Event "POR-ch semi rapid"]
[Site "Mirandela"]
[Date "2015.11.15"]
[Round "6"]
[White "Pereira, Antonio Pedro Caram"]
[Black "Ferreira, Jorge Viterbo"]
[Result "0-1"]
[WhiteElo "2114"]
[BlackElo "2488"]
[PlyCount "46"]
[EventDate "2015.11.15"]
[EventType "tourn (rapid)"]
[EventRounds "7"]
[EventCountry "POR"]
[SourceTitle "CBM 169 Extra"]
[Source "ChessBase"]
[SourceDate "2015.12.18"]
[SourceVersion "1"]
[SourceVersionDate "2015.12.18"]
[SourceQuality "1"]

1. c4 e6 2. Nc3 d5 3. e3 Nf6 4. Nf3 Be7 5. d4 0-0 6. Bd3 b6 7. 0-0 Bb7 8. Qc2 Na6 9. a3 c5 10. cxd5 exd5 11. Ne5 Nc7 12. dxc5 bxc5 13. Bd2 Ne6 14. b4 c4 15. Be2 d4 16. exd4 Nxd4 17. Qd1 Qd6 18. Nxc4 Qc6 19. Ne3 Rfd8 20. Bc4 Rd7 21. Qa4 Nf3+ 22. gxf3 Qxf3 23. Bd5 Nxd5 0-1

[Event "POR-ch semi rapid"]
[Site "Mirandela"]
[Date "2015.11.15"]
[Round "1"]
[White "Pereira, Antonio Pedro Caram"]
[Black "Pintor, Simao Maciel Abranc"]
[Result "1/2-1/2"]
[WhiteElo "2114"]
[BlackElo "2005"]
[PlyCount "71"]
[EventDate "2015.11.15"]
[EventType "tourn (rapid)"]
[EventRounds "7"]
[EventCountry "POR"]
[SourceTitle "CBM 169 Extra"]
[Source "ChessBase"]
[SourceDate "2015.12.18"]
[SourceVersion "1"]
[SourceVersionDate "2015.12.18"]
[SourceQuality "1"]

1. c4 Nf6 2. Nc3 g6 3. g3 Bg7 4. Bg2 0-0 5. d3 d6 6. Rb1 a5 7. a3 e5 8. Nf3 Nc6 9. 0-0 Nd4 10. Nd2 c6 11. e3 Ne6 12. b4 axb4 13. axb4 d5 14. cxd5 Nxd5 15. Nxd5 cxd5 16. Qb3 Nc7 17. b5 b6 18. Ba3 Re8 19. Rfc1 Ra5 20. Bb4 Rxb5 21. Qa4 Bd7 22. Qa7 Ne6 23. Bd6 Nc5 24. Bxc5 bxc5 25. Rxb5 Bxb5 26. Qxc5 Bxd3 27. Qxd5 Qxd5 28. Bxd5 Rd8 29. e4 Bh6 30. Rc3 Bxd2 31. Rxd3 Bg5 32. h4 Be7 33. Rc3 Rd7 34. Kg2 Kg7 35. Rc6 h5 36. Rc4 1/2-1/2

[Event "POR-ch semi rapid"]
[Site "Mirandela"]
[Date "2015.11.15"]
[Round "7"]
[White "Romano, Joao Manuel Pereira"]
[Black "Pereira, Antonio Pedro Caram"]
[Result "1/2-1/2"]
[WhiteElo "1825"]
[BlackElo "2114"]
[PlyCount "71"]
[EventDate "2015.11.15"]
[EventType "tourn (rapid)"]
[EventRounds "7"]
[EventCountry "POR"]
[SourceTitle "CBM 169 Extra"]
[Source "ChessBase"]
[SourceDate "2015.12.18"]
[SourceVersion "1"]
[SourceVersionDate "2015.12.18"]
[SourceQuality "1"]

1. e4 c5 2. Nf3 e6 3. g3 Nc6 4. Bg2 Nf6 5. Qe2 e5 6. c3 Be7 7. 0-0 0-0 8. Rd1 d5 9. exd5 Qxd5 10. d3 Re8 11. Nbd2 Bf5 12. Nc4 Bf8 13. Ne3 Qd7 14. Nxf5 Qxf5 15. Nd2 Qd7 16. Ne4 Nd5 17. Be3 Nxe3 18. Qxe3 b6 19. a3 a5 20. a4 Rad8 21. Nd2 Bd6 22. Nc4 Bc7 23. Qf3 Ne7 24. Qb7 Rb8 25. Nxb6 Rxb7 26. Nxd7 Rxb2 27. Nxc5 h6 28. d4 exd4 29. cxd4 Nf5 30. Bf3 Bb6 31. Rab1 Rxb1 32. Rxb1 Nxd4 33. Rxb6 Nxf3+ 34. Kg2 Nd2 35. Rb5 Nc4 36. Nb7 1/2-1/2

[Event "Lisbon Odisseias rapid op 1st"]
[Site "Lisbon"]
[Date "2015.08.12"]
[Round "6"]
[White "Damaso, Rui"]
[Black "Pereira, Antonio Pedro Caram"]
[Result "1-0"]
[WhiteElo "2396"]
[BlackElo "2093"]
[PlyCount "58"]
[EventDate "2015.08.13"]
[EventType "swiss (rapid)"]
[EventRounds "7"]
[EventCountry "POR"]
[SourceTitle "EXT 2018"]
[Source "ChessBase"]
[SourceDate "2017.10.13"]
[SourceVersion "1"]
[SourceVersionDate "2017.10.13"]
[SourceQuality "1"]

1. d4 d5 2. c4 e6 3. Nc3 Be7 4. cxd5 exd5 5. Bf4 c6 6. e3 Nf6 7. Bd3 0-0 8. Nge2 Re8 9. 0-0 Nbd7 10. Ng3 Nf8 11. Nf5 Bxf5 12. Bxf5 Ng6 13. Be5 Nd7 14. Bg3 Bh4 15. Qg4 Bxg3 16. Bxd7 Re7 17. Qxg3 Qxd7 18. Rfc1 Rc8 19. b4 Ree8 20. a4 Ne7 21. a5 a6 22. Na4 Qc7 23. Qg4 Rcd8 24. Nc5 Nc8 25. Re1 Nd6 26. Qg3 Qc8 27. Rac1 Ne4 28. Qf4 Rd6 29. Nxe4 Rdd8 1-0

[Event "Lisbon Christmas op"]
[Site "Lisbon"]
[Date "2014.12.28"]
[Round "5"]
[White "Pereira, Antonio Pedro Caram"]
[Black "Figuero Toro, Julian Francisco"]
[Result "1/2-1/2"]
[WhiteElo "2071"]
[BlackElo "2233"]
[PlyCount "55"]
[EventDate "2014.12.26"]
[EventType "swiss"]
[EventRounds "9"]
[EventCountry "POR"]
[SourceTitle "CBM 164 Extra"]
[Source "ChessBase"]
[SourceDate "2015.03.02"]
[SourceVersion "1"]
[SourceVersionDate "2015.03.02"]
[SourceQuality "1"]

1. d4 c5 2. d5 Nf6 3. c4 e6 4. Nc3 exd5 5. cxd5 d6 6. Nf3 g6 7. Bf4 Bg7 8. e3 a6 9. a4 0-0 10. h3 Qe7 11. Be2 Nbd7 12. 0-0 Rd8 13. Nd2 b6 14. Nc4 Ne8 15. Ra3 Rb8 16. Rb3 Be5 17. Bxe5 dxe5 18. d6 Qf8 19. Bf3 Ndf6 20. Rxb6 Rxb6 21. Nxb6 Rxd6 22. Qb3 Be6 23. Nc4 Rd8 24. Qb6 Bxc4 25. Qxd8 Bxf1 26. Kxf1 Qd6 27. Qxd6 Nxd6 28. Be2 1/2-1/2

[Event "Iberoamerican-ch 5th"]
[Site "Linares"]
[Date "2014.07.27"]
[Round "6"]
[White "Forcen Esteban, Daniel"]
[Black "Pereira, Antonio Pedro Caram"]
[Result "1-0"]
[WhiteElo "2535"]
[BlackElo "2457"]
[PlyCount "61"]
[EventDate "2014.07.22"]
[EventType "swiss"]
[EventRounds "9"]
[EventCountry "ESP"]
[SourceTitle "CBM 161 Extra"]
[Source "ChessBase"]
[SourceDate "2014.08.29"]
[SourceVersion "1"]
[SourceVersionDate "2014.08.29"]
[SourceQuality "1"]

1. e4 e5 2. Nf3 Nc6 3. Bb5 a6 4. Ba4 g6 5. 0-0 Bg7 6. c3 Nge7 7. d4 exd4 8. cxd4 b5 9. Bc2 d6 10. h3 0-0 11. Nc3 Na5 12. Bf4 Nc4 13. Qc1 Re8 14. b3 Nb6 15. Bh6 Bh8 16. Qf4 Nc6 17. Rad1 Qf6 18. Qg3 Bb7 19. Rfe1 Qd8 20. h4 Ne7 21. h5 Qd7 22. Ng5 d5 23. Qf3 f6 24. e5 Qc6 25. e6 b4 26. Nxh7 Kxh7 27. hxg6+ Kg8 28. g7 Bxg7 29. Qg4 Nf5 30. Qxf5 Qxc3 31. Qh7+ 1-0

[Event "Iberoamerican-ch 5th"]
[Site "Linares"]
[Date "2014.07.24"]
[Round "3"]
[White "Pereira, Antonio Pedro Caram"]
[Black "Anton Guijarro, David"]
[Result "1/2-1/2"]
[WhiteElo "2457"]
[BlackElo "2631"]
[PlyCount "86"]
[EventDate "2014.07.22"]
[EventType "swiss"]
[EventRounds "9"]
[EventCountry "ESP"]
[SourceTitle "CBM 161 Extra"]
[Source "ChessBase"]
[SourceDate "2014.08.29"]
[SourceVersion "1"]
[SourceVersionDate "2014.08.29"]
[SourceQuality "1"]

1. d4 Nf6 2. c4 g6 3. Nc3 Bg7 4. e4 d6 5. Be2 0-0 6. Nf3 Bg4 7. Be3 Nfd7 8. Qb3 Qc8 9. 0-0 e5 10. dxe5 dxe5 11. Nd5 Nc6 12. Rfd1 Kh8 13. Rac1 f5 14. h3 Bxf3 15. Bxf3 f4 16. Bd2 Nd4 17. Qd3 Nc5 18. Qf1 Nxf3+ 19. gxf3 Ne6 20. Bc3 c6 21. Nb4 Qc7 22. Rd2 Rad8 23. Rcd1 h5 24. b3 Kh7 25. Kh2 Qe7 26. Nd3 Rd7 27. Qg2 Rfd8 28. Nxe5 Bxe5 29. Rxd7 Rxd7 30. Rxd7 Qxd7 31. Bxe5 Qd2 32. a4 Qd3 33. a5 Qxb3 34. c5 Qc4 35. Bd6 Qc3 36. Qh1 Ng5 37. Qb1 Nxf3+ 38. Kg2 Nh4+ 39. Kh2 Nf3+ 40. Kg2 Nh4+ 41. Kh2 b5 42. cxb6 Qd4 43. Kg1 axb6 1/2-1/2

[Event "Iberoamerican-ch 5th"]
[Site "Linares"]
[Date "2014.07.23"]
[Round "2"]
[White "Baules Rodriguez, Jorge Luis"]
[Black "Pereira, Antonio Pedro Caram"]
[Result "1/2-1/2"]
[WhiteElo "2317"]
[BlackElo "2457"]
[PlyCount "60"]
[EventDate "2014.07.22"]
[EventType "swiss"]
[EventRounds "9"]
[EventCountry "ESP"]
[SourceTitle "CBM 161 Extra"]
[Source "ChessBase"]
[SourceDate "2014.08.29"]
[SourceVersion "1"]
[SourceVersionDate "2014.08.29"]
[SourceQuality "1"]

1. Nf3 g6 2. c4 Bg7 3. d4 d6 4. g3 Nf6 5. Bg2 0-0 6. 0-0 Nc6 7. Nc3 a6 8. d5 Na5 9. b3 c5 10. dxc6 Nxc6 11. Bb2 Ne4 12. Qc1 Nxc3 13. Bxc3 Qb6 14. Bxg7 Kxg7 15. Qc3+ f6 16. Rfd1 Bf5 17. Nd4 Nxd4 18. Rxd4 Rac8 19. Rad1 Rc7 20. g4 Bd7 21. g5 Bc6 22. Bh3 Qc5 23. gxf6+ Rxf6 24. b4 Qe5 25. R1d2 b6 26. Qg3 a5 27. a3 axb4 28. axb4 Qxg3+ 29. hxg3 Ra7 30. Bg2 Bxg2 1/2-1/2

[Event "POR-chT Province"]
[Site "Luso"]
[Date "2014.07.20"]
[Round "1.2"]
[White "Pereira, Antonio Pedro Caram"]
[Black "Pinho, Paulo Miguel"]
[Result "0-1"]
[WhiteElo "2132"]
[BlackElo "2210"]
[PlyCount "86"]
[EventDate "2014.07.19"]
[EventType "team"]
[EventRounds "2"]
[EventCountry "POR"]
[SourceTitle "EXT 2015"]
[Source "ChessBase"]
[SourceDate "2014.11.20"]
[SourceVersion "1"]
[SourceVersionDate "2014.11.20"]
[SourceQuality "1"]
[WhiteTeam "Porto AX"]
[BlackTeam "Braga"]
[WhiteTeamCountry "POR"]
[BlackTeamCountry "POR"]

1. d4 Nf6 2. c4 c5 3. d5 e5 4. Nc3 d6 5. e4 Be7 6. Bd3 Nbd7 7. Nge2 a6 8. Ng3 g6 9. Bh6 Bf8 10. Be3 h5 11. f3 Be7 12. a3 Nh7 13. b4 Bg5 14. Bf2 b6 15. Rb1 h4 16. Nge2 Nhf6 17. Rb2 Nh5 18. Qa4 0-0 19. 0-0 Nf4 20. Qc2 Bh6 21. bxc5 bxc5 22. Nxf4 exf4 23. h3 Ne5 24. Kh2 Bg7 25. Rfb1 f5 26. Rb8 Rxb8 27. Rxb8 Qa5 28. Ne2 Qxa3 29. Rb3 Qa4 30. Nc3 Qa5 31. Bxh4 Qc7 32. Be1 Qe7 33. Bf2 Bd7 34. Be2 fxe4 35. Nxe4 Ba4 36. Qb1 Bxb3 37. Qxb3 Qc7 38. Bh4 a5 39. Bg5 Kh7 40. Bd3 a4 41. Qc2 a3 42. Nf2 Qb6 43. Ng4 Nxd3 0-1